00542 2200181 4500001002100000005001500021035002000036007000300056008004100059020002200100082001000122084001600132100002300148245008200171260003700253300005300290650001700343INLIS00000000000040620221031030303 a0010-1022000148ta221031 b 1 ind  a978-602-8250-38-9 a741.5 a741.5 TIM a0 aTim Aku Anak Saleh1 aAyat Allah Adalah Jimat :bAllah's Verses Become Amulet /cTim Aku Anak Saleh aJakarta :bAku Anak Saleh,c2008 a130 halaman :bilustrasi tidak berwarna ;c19 cm 4aKomik Islami